Normal view
MARC view
- Raghavan, V .
Entry Personal Name
001 - CONTROL NUMBER
- control field: 1441
003 - CONTROL NUMBER IDENTIFIER
- control field: OSt
005 - DATE AND TIME OF LATEST TRANSACTION
- control field: 20160905104842.0
008 - FIXED-LENGTH DATA ELEMENTS
- fixed length control field: 160905|| aca||aabn | a|a d
040 ## - CATALOGING SOURCE
- Original cataloging agency: OSt
- Transcribing agency: OSt
100 ## - HEADING--PERSONAL NAME
- Personal name: Raghavan, V .
670 ## - SOURCE DATA FOUND
- Source citation: Work cat.: (OSt)9333: Raghavan, V ., Materials science and engineering first course / , 2005
